[Event "Moscow Botvinnik Memorial Cup"]
[Site "Moscow"]
[Date "2022.08.21"]
[Round "6.1"]
[White "Faizulaev, Akmal"]
[Black "Azimov, Aslan"]
[Result "1-0"]
[WhiteElo "2398"]
[BlackElo "1359"]
[PlyCount "106"]
[EventDate "2022.08.18"]
[EventType "team-tourn"]
[EventRounds "9"]
[EventCountry "RUS"]
[SourceTitle "CBM 209 Extra"]
[Source "ChessBase"]
[SourceDate "2022.09.30"]
[SourceVersion "1"]
[SourceVersionDate "2022.09.30"]
[SourceQuality "1"]
[WhiteTeam "Uzbekistan"]
[BlackTeam "Kyrgyzstan"]
[WhiteTeamCountry "UZB"]
[BlackTeamCountry "KGZ"]

1. e4 c5 2. c3 d5 3. exd5 Qxd5 4. d4 Nf6 5. Nf3 Bf5 6. Be2 Bxb1 7. Rxb1 e6 8. 0-0 Nc6 9. Be3 cxd4 10. Nxd4 e5 11. Nb5 Qxd1 12. Rfxd1 Rc8 13. Nxa7 Nxa7 14. Bxa7 Be7 15. Bb5+ Kf8 16. a4 g6 17. Re1 Bd6 18. Rbd1 Bc7 19. Bc5+ Kg7 20. Bd6 Bxd6 21. Rxd6 e4 22. Red1 Rc7 23. h3 Re7 24. Rb6 Rc8 25. Rd4 Rcc7 26. Rc4 Rxc4 27. Bxc4 Rc7 28. Rb4 Rd7 29. Kf1 Nh5 30. Ke1 Nf4 31. Bf1 Re7 32. Kd2 f5 33. a5 Kh6 34. Rd4 Ne6 35. Rd6 Nc5 36. Kc2 e3 37. fxe3 Rxe3 38. Rd5 Ne4 39. Rd7 Re1 40. Bd3 Ng3 41. Rxb7 Ra1 42. a6 Kg5 43. Rxh7 Nh5 44. a7 Nf6 45. Rf7 Nd5 46. Bb5 Ne3+ 47. Kd2 Nd5 48. Bc6 Nb6 49. Kc2 Kf4 50. Kb3 Ke5 51. Bf3 Kf4 52. Rb7 Na4 53. Rb4+ Ke5 1-0

[Event "Moscow Botvinnik Memorial Cup"]
[Site "Moscow"]
[Date "2022.08.21"]
[Round "6.1"]
[White "Sezdbekova, Aizhan"]
[Black "Faizulaev, Akmal"]
[Result "0-1"]
[WhiteElo "1444"]
[BlackElo "2398"]
[PlyCount "76"]
[EventDate "2022.08.18"]
[EventType "team-tourn"]
[EventRounds "9"]
[EventCountry "RUS"]
[SourceTitle "CBM 209 Extra"]
[Source "ChessBase"]
[SourceDate "2022.09.30"]
[SourceVersion "1"]
[SourceVersionDate "2022.09.30"]
[SourceQuality "1"]
[WhiteTeam "Kyrgyzstan"]
[BlackTeam "Uzbekistan"]
[WhiteTeamCountry "KGZ"]
[BlackTeamCountry "UZB"]

1. e4 c5 2. Nf3 Nc6 3. c3 Nf6 4. e5 Nd5 5. d4 cxd4 6. cxd4 d6 7. exd6 e6 8. a3 Bxd6 9. Bd3 Nf4 10. 0-0 Nxd3 11. Qxd3 Be7 12. Nc3 0-0 13. Rd1 Bf6 14. Ne4 Be7 15. b4 b6 16. Neg5 g6 17. Qc3 Qd5 18. Nh3 Bf6 19. Nf4 Qd6 20. Be3 Bb7 21. Rac1 Rac8 22. Qb2 Rfd8 23. Ne2 Bg7 24. h3 Ne7 25. Bf4 Qd5 26. Bg5 f6 27. Be3 g5 28. Nc3 Qf5 29. Nh2 Nd5 30. Nxd5 Qxd5 31. f3 h6 32. Ng4 f5 33. Ne5 f4 34. Bf2 Bxe5 35. dxe5 Qxd1+ 36. Rxd1 Rxd1+ 37. Be1 Rxe1+ 38. Kf2 Rec1 0-1